000 00698nas a2200229 4500
001 BR7600593
003 BR-BrBNA
005 20231205082907.0
007 ta
008 230509b bl.|||p| |||| 00| 00por d
040 _aBR-BrBNA
_bpor
_cBiblioteca Nacional de Agricultura
041 _a(Pt)
072 _aH10
100 1 _aSouza, H.D. de
100 1 _aSilva, M.F. da
245 1 _aA broca da cana de acucar e seu comportamento na regiao canavieira [Diatraea spp.; Brasil]
650 _aCANA DE ACUCAR
650 _aBROCA
773 0 _tBrasil Acucareiro (Brazil)
_xISSN 0006-9176
_g(Mar 1976), v. 87(3) p. 13-21
_wBR7600593
909 _a202311
_bLúcia
_c55
_dLúcia Elande
942 _2AGRIS
_n0
_cANA
999 _c94921
_d94921